000 00290nam a2200121Ia 4500
008 190802s9999 xx 000 0 und d
020 _a978-1-4080-6981-3
100 _aN.Gregory Mankiw
245 0 _aBusiness Economics
260 _aNew Delhi
_bCRC
_c2013
300 _a564:p
942 _cBK
999 _c2145
_d2145